00696nam a2200217 i 4500001000300000100002000003245005000023260004700073300002600120490002100146504003400167650004200201830002100243015001700264020001500281040000800296041000800304080002700312008004100339856009800380bg1 aSMYKLA, Bernard10aPrawo bankowe :bkomentarz /cBernard Smykla. aWarszawa :bWydawnictwo C. H. Beck,c2005. aXXX, 550 s. ;c21 cm.1 aKomentarze Becka aBibliogr. s. XXI-XXX. Indeks. 9aBankixprawozPolskaystan na 2005 r. aKomentarze Becka aPB 5980/2005 a8373876286 cBPK0 apol a347.734(438)(094.5.07) s pl f |000 0 pol  uhttp://koha.tu.koszalin.pl/cgi-bin/koha/opac-detail.pl?biblionumber=52611yKatalog online BPK